LEADER 01115nam a2200265 i 4500 001 991003428989707536 008 000705s|||| de ||| | ger 020 $a3110167875$c97000 035 $ab11160123-39ule_inst 035 $aPARLA181705$9ExL 040 $aDip.to Scienze Storiche Fil. e Geogr.$bita 082 04$a113 082 04$a193 100 1 $aLefevre, Wolfgang$044371 245 10$aKants naturtheoretische Begriffe (1747-1780) :$beine Datenbank zu ihren expliziten und impliziten Vernetzungen /$cWolfgang Lefevre ; Falk Wunderlich 260 $aBerlin :$bDe Gruyter,$c2000 500 $aTesto in CD-ROM 650 4$aKant, Immanuel$xFilosofia della natura$vDizionario 700 1 $aWunderlich, Falk 907 $a.b11160123$b02-03-17$c28-06-02 912 $a991003428989707536 945 $aLE023 113 LEF CD (Sala Fonti e documenti) $g1$i2009000020382$lle023$nLE009 CD FIL.1 (vecchia collocazione) $o-$pE0.00$q-$rn$so $t6$u0$v0$w0$x0$y.i11303396$z28-06-02 996 $aKants naturtheoretische Begriffe (1747-1780)$9872791 997 $aUNISALENTO 998 $ale023$b01-01-00$cm$da $e-$fger$gde $h0$i1 LEADER 01175nam a2200265 i 4500 001 991000359659707536 008 060718s1932 it 00 | ita d 035 $ab14459450-39ule_inst 040 $aBibl. Dip.le Aggr. Scienze Economia - Sez. Settore Economico$bita 100 1 $aGianolio, Dalmazzo$0114376 245 13$aLe industrie grafiche /$cDalmazzo Gianolio. Le concerie / Luciano Jona. Il Consorzio obbligatorio per l'industria solfifera siciliana / Antonino Sciacca 260 $aTorino :$bUnione tipografico-editrice torinese,$c1932 300 $a1 v. (varie sequenze) ;$c24 cm 490 1 $aBiblioteca di ragioneria applicata ;$v34 504 $aContiene bibliografia 700 1 $aJona, Luciano 700 1 $aSciacca, Antonino 740 32$aLe concerie 740 32$aIl Consorzio obbligatorio per la industria solfifera siciliana 907 $a.b14459450$b06-06-22$c06-06-22 912 $a991000359659707536 945 $aLE025 ECO FONDO MALINCONICO 64$cV. 34.2$g1$i2025000271715$lle025$og$pE0.00$q-$rn$so $t0$u0$v0$w0$x0$y.i16032962$z06-06-22 996 $aIndustrie grafiche$92856605 997 $aUNISALENTO 998 $ale025$b06-06-22$cm$da $e $fita$git $h3$i0